La vida en la Roma antigua / (Registro nro. 48156)

Detalles MARC
000 -LEADER
fixed length control field 01021nam a2200301 4500
001 - CONTROL NUMBER
control field 0000015209
003 - CONTROL NUMBER IDENTIFIER
control field CO-CtgCURN
005 - DATE AND TIME OF LATEST TRANSACTION
control field 20250506203459.0
008 - FIXED-LENGTH DATA ELEMENTS--GENERAL INFORMATION
fixed length control field 160627s1993 000 0 eng d
020 ## - INTERNATIONAL STANDARD BOOK NUMBER
International Standard Book Number 8475098576
040 ## - CATALOGING SOURCE
Original cataloging agency CO-CtgCURN
Language of cataloging spa
Transcribing agency coctgcurn
082 0# - DEWEY DECIMAL CLASSIFICATION NUMBER
Classification number 913.37
Item number G861v
100 1# - MAIN ENTRY--PERSONAL NAME
Personal name Grimal, Pierre.
245 13 - TITLE STATEMENT
Title La vida en la Roma antigua /
Statement of responsibility, etc. Pierre Grimal , traducción de Sandra y Fernando Schiumerini.
260 ## - PUBLICATION, DISTRIBUTION, ETC.
Place of publication, distribution, etc. Barcelona :
Name of publisher, distributor, etc. Ediciones Paidos,
Date of publication, distribution, etc. 1993.
300 ## - PHYSICAL DESCRIPTION
Extent 133 p.
336 ## - CONTENT TYPE
Source rdacontent
337 ## - MEDIA TYPE
Source rdamedia
Media type term sin mediacion
Media type code n
338 ## - CARRIER TYPE
Source rdacarrier
Carrier type term volumen
Carrier type code nc
490 1# - SERIES STATEMENT
Series statement Paidos studio ;
Volume/sequential designation 95
500 ## - GENERAL NOTE
General note Incluye bibliografias \ Titulo original. La vie a Rome dans lantiquite.
651 #0 - SUBJECT ADDED ENTRY--GEOGRAPHIC NAME
Geographic name Roma
General subdivision Civilización.
700 1# - ADDED ENTRY--PERSONAL NAME
Personal name Schiumerini, Sandra,
Relator term Traductor.
700 1# - ADDED ENTRY--PERSONAL NAME
Personal name Schiumerini, Fernando,
Relator term Traductor.
908 ## - PUT COMMAND PARAMETER (RLIN)
Put command parameter 160627
942 ## - ADDED ENTRY ELEMENTS (KOHA)
Koha item type Libros
Classification part 913.37
Item part G861v
Source of classification or shelving scheme Dewey Decimal Classification
999 ## - SYSTEM CONTROL NUMBERS (KOHA)
-- 1
Existencias
Withdrawn status Lost status Source of classification or shelving scheme Damaged status Not for loan Collection Home library Current library Shelving location Date acquired Inventory number Total checkouts Full call number Barcode Date last seen Price effective from Koha item type
    Dewey Decimal Classification     General Miguel Henríquez Castañeda Miguel Henríquez Castañeda General 03/04/2019 005902   913.37 G861v 005902 03/04/2019 03/04/2019 Libros